Normal view
MARC view
- حنان،رضوان حلوة / م.مشارك: نزار فليح البلداوي
Entry Personal Name
001 - CONTROL NUMBER
- control field: 29588
003 - CONTROL NUMBER IDENTIFIER
- control field: JO-AjAnu
005 - DATE AND TIME OF LATEST TRANSACTION
- control field: 20230606075012.0
008 - FIXED-LENGTH DATA ELEMENTS
- fixed length control field: 230606|| aca||aabn | a|a d
040 ## - CATALOGING SOURCE
- Original cataloging agency: JO-AjAnu
- Transcribing agency: JO-AjAnu
100 ## - HEADING--PERSONAL NAME
- Personal name: حنان،رضوان حلوة / م.مشارك: نزار فليح البلداوي
670 ## - SOURCE DATA FOUND
- Source citation: Work cat.: (JO-AjAnu)15193: حنان،رضوان حلوة / م.مشارك: نزار فليح البلداوي, author, مبادىء المحاسبة المالية: القياس والافصاح في القوائم المالية